| 000 | 00643nam a2200229Ia 4500 | ||
|---|---|---|---|
| 003 | OSt | ||
| 005 | 20230616160024.0 | ||
| 008 | 210423s2020 xx 000 0 und d | ||
| 020 | _a978-93-5078-127-2 | ||
| 040 | _cAL | ||
| 041 | _aeng | ||
| 082 |
_a574 _223 _bTOME |
||
| 100 |
_aTOMAR (B S);SINGH (S P) _998145 |
||
| 245 | _aEvolutionary biology: a textbook for university students Ed 9 | ||
| 250 | _a9 | ||
| 260 |
_aNew Delhi _bRastogi Publications _c2020 |
||
| 300 |
_axii,356 _bPB |
||
| 365 |
_b315 _cINR |
||
| 650 |
_aBiology _998146 |
||
| 906 | _a9 ; biology: ; Evolutionary ; students ; textbook ; university | ||
| 942 |
_2ddc _cBK |
||
| 999 |
_c170968 _d170968 |
||